Co přinesl ekonomický výzkum v rozvoji systému řízení VHJ a podniků sborník

Na minha lista:
Detalhes bibliográficos
Formato: Livro
Idioma:tcheco
Publicado em: Praha Dům techniky ČSVTS 1979
Tags: Adicionar Tag
Sem tags, seja o primeiro a adicionar uma tag!

MARC

LEADER 00000nam a2200000 4500
001 0215917
005 20221205071617.5
041 0 |a cze 
044 |a CZ 
245 1 0 |a Co přinesl ekonomický výzkum v rozvoji systému řízení VHJ a podniků  |b sborník 
264 1 |a Praha  |b Dům techniky ČSVTS  |c 1979 
300 |a 179 s.